Todos os membros da Akatsuki. - Statistics

Estatísticas Gerais
  • Esse quiz foi jogado 62 vezes
  • A pontuação média é 9 de 12
Estatísticas das Respostas
Vila Oculta Ninja % Correto
Konohagakure Itachi Uchiha
98%
Iwagakure Deidara
85%
Konohagakure Obito Uchiha
84%
Sunagakure Sasori
84%
Yugakure Hidan
80%
Amegakure Nagato
75%
Kirigakure Kisame Hoshigaki
73%
Amegakure Konan
73%
Konogahakure Orochimaru
73%
Takigakure Kakuzu
67%
Nenhuma Zetsu Branco
31%
Nenhuma Zetsu Negro
29%
Nenhum quiz correspondente encontrado
Distribuição das Pontuações
Porcentagem de Pessoas com Cada Pontuação
Percentil de Números Respondidos
Sua Pontuação Histórica
Você não jogou esse quiz